000 00720nam a22002177a 4500
003 OSt
005 20260507153354.0
008 250807b |||||||| |||| 00| 0 eng d
020 _a0763740696 Hb. Bp.
040 _aMMSU
_cULS
_dULS
050 _aKF 2915 N52 2008 CHS
100 _aNicholson, Sheila K.
245 _aThe Physical Therapist's :
_bBusiness Practice and Legal Guide /
_cSheila K. Nicholson.
260 _aCanada :
_bJones and Bartlett Publishers,
_c2008.
300 _aix, 399 pages :
_billustrations ;
_c23 cm.
500 _aIncludes index.
650 _aPhysical therapists-Malpractice.
650 _aPhysical Theraphy-Law and legislation.
650 _aInsurance,Malpractice.
942 _2lcc
_cBK
999 _c26604
_d26604